000
00277nam a22001337a 4500
008
170713b xxu||||| |||| 00| 0 eng d
020
_a
2900205672362
041
_a
eng
080
_a
17
100
_a
24
101
_a
FIL
245
_a
ETHICS
_c
THIROUX, J.P
942
_2
udc
_c
BK
999
_c
20487
_d
20487